000 00659nam a2200205 i 4500
001 56402
003 ES-MaACL
005 20230906163348.0
007 t|
008 031008s1975 sp ||||1| spa d
245 0 0 _aDiccionario sueco-español y español-sueco.
260 _aBarcelona :
_bRamón Sopena,
_c[1975]
300 _a383 p. ;
_c14 cm.
490 1 _aLexicon Sopena. Diccionario de bolsillo
650 4 _aLengua sueca-
_vDiccionarios-
_xEspañol.
_9163984
650 4 _aLengua española-
_vDiccionarios-
_xSueco.
_9163985
830 0 _aLexicon Sopena. Diccionario de bolsillo
_9182576
852 _aES-MaACL
_jL-6938
_bR.106547
999 _c56402
_d56402